Instituciones filosóficas : tomo quinto /

Guardado en:
Bibliografiske detaljer
Hovedforfatter: Jacquier, Francisco (autor)
Format: Bog
Sprog:spansk
Fag:
Tags: Tilføj Tag
Ingen Tags, Vær først til at tagge denne postø!

MARC

LEADER 00000nam^a2200000^a^4500
001 000373055
005 20250526000000.0
009 20260310120028.548
037 |a Acervo Xavier Clavigero 
041 |a ESP 
082 |a 121.  |b JAC V. 5 
100 |a Jacquier, Francisco  |e (autor) 
240 1 1 |a [Instituciones filosóficas] 
245 1 0 |a Instituciones filosóficas :  |b tomo quinto /  |c F. Jacquier ; tr. por Santos Diez González. 
264 |a Madrid, España :  |b Imprenta y Librería de Alfonso López,  |c 1788 
300 |a 7, 372 p., [4] láminas ;  |c 21.0 cm. 
336 |a texto  |b txt  |2 rdacontenido 
337 |a sin mediación  |b n  |2 rdamedio 
338 |a volumen  |b nc  |2 rdasoporte 
501 |a Encuadernación particular 
561 |a Ex libris de Bibliotheca Collegii Maximi Prov. Mexicanae, S.J. 
561 |a Ex libris de Bibliotheca Coll. Max. Ysletensis S.J. 
561 |a Ex libris de Instituto de Literatura Puente Grande, Jal. 
561 |a Ex libris de Bibl. Iunioratus Coll. Max. Ysletensis, S.J. 
561 |a Ex libris de Bibl. Iunioratus Dom. Prob. S. Ioseph 
562 |a Falta cubierta 
649 |a XX 
650 |a Tierra 
650 |a Fuego 
650 |a Luz 
650 |a Fluidos 
650 |a Astronomía 
650 |a Física 
650 |a Epistemología -  |x Tema Principal 
650 |a Filosofía de la Ciencia 
650 |a Filosofía -  |x Tema Principal 
910 |a Fondo General 
920 |a Impresos - Libros 
930 |a Libros Antiguos y Raros 
905 |a 108 
901 |a 0500267493  |b IT2  |c LRA  |u 20250526 
902 |a https://opac.biblio.iteso.mx/vufind/Record/000373055